|
|
|
|
| LEADER |
00000nab a2200000 ar4500 |
| 001 |
vtls010126130 |
| 003 |
SK-MaSNL |
| 005 |
20260303091622.0 |
| 008 |
100825c20100809xo |||||||||||000 b|slo |
| 015 |
|
|
|a SNBRB2010/08
|2 snkbucl
|
| 038 |
|
|
|a SNKBUCL
|
| 040 |
|
|
|a SNKBUCL
|b slo
|c SNKBUCL
|e AACR2
|
| 041 |
0 |
|
|a slo
|
| 044 |
|
|
|a xo
|c SK
|
| 080 |
|
|
|a 796.332.093.1
|2 2001
|
| 245 |
0 |
0 |
|a Spišiaci zvíťazili
|b II. liga západ- 2. kolo
|
| 300 |
|
|
|b Tab.
|
| 648 |
|
7 |
|a sezóna 2010/2011
|2 snkbucl
|9 1038786
|
| 650 |
0 |
7 |
|a futbal
|2 snkbucl
|9 3291
|
| 650 |
0 |
7 |
|a 2. liga
|x východ
|2 snkbucl
|9 1032360
|
| 650 |
0 |
7 |
|a 2. kolo
|2 snkbucl
|9 879640
|
| 773 |
0 |
|
|t Šport
|g Roč. 64 , č. 182 (9.8.2010), s. 16
|x 0139-7001
|
| 852 |
|
|
|a SNK
|b KIS3GCP
|
| 999 |
|
|
|c 1808521
|d 1810451
|